• 首页
  • 本馆介绍
  • 公告通知
  • 最新文献
  • 馆藏检索
  • 电子资源
  • 读者导购
  • 参考咨询
  • 我的图书馆
  • 登录
  • 详细信息显示
  • 放入我的书架
  • 预约/预借图书
  • 作者相关作品
  • 分类相关作品
  • 丛书相关作品
  • 出版社相关作品

书目信息

  • 表格格式
  • 工作单格式
  • 卡片格式
题名:
四书五经
    
 
作者: 陈晓芬 , 徐儒宗 译注
分册:   论语 大学 中庸
出版信息: 北京   中华书局  2019
页数: 360页
开本: 26cm
丛书名: 中华经典名著全本全注全译丛书
单 册:
中图分类: B222.1 , Z126.1
科图分类:
主题词: 四书--si shu--注释 , 四书--si shu--译文 , 五经--wu jing--注释 , 五经--wu jing--译文
电子资源:
ISBN: 978-7-101-13636-4
000 01067oam2 2200337 450
001 011029202349
005 20211029202349.0
010    @a978-7-101-13636-4@dCNY31.00(全21册660.00)
100    @a20190406d2019 em y0chiy50 ea
101 0  @achi
102    @aCN@b110000
105    @ay z 000yy
106    @ar
200 1  @a四书五经@Asi shu wu jing@i论语 大学 中庸@f陈晓芬,徐儒宗译注
205    @a大字本
210    @a北京@c中华书局@d2019
215    @a360页@d26cm
225 2  @a中华经典名著全本全注全译丛书@Azhong hua jing dian ming zhu quan ben quan zhu quan yi cong shu@v1
314    @a译注者取自版权页
461  0 @12001 @a中华经典名著全本全注全译丛书
517 1  @a论语 大学 中庸@Alun yu da xue zhong yong
606 0  @a四书@Asi shu@x注释
606 0  @a四书@Asi shu@x译文
606 0  @a五经@Awu jing@x注释
606 0  @a五经@Awu jing@x译文
690    @aB222.1@v5
690    @aZ126.1@v5
701  0 @a陈晓芬@Achen xiao fen@4译注
701  0 @a徐儒宗@Axu ru zong@4译注
801  0 @aCN@b百万庄@c20211029
905    @b1312344-46@dB222.1@e1007@f3
    
    四书五经.论语 大学 中庸/陈晓芬,徐儒宗译注.-大字本.-北京:中华书局,2019
    360页;26cm.-(中华经典名著全本全注全译丛书;1)
    
    
    ISBN 978-7-101-13636-4:CNY31.00(全21册660.00)
    
●
相关链接 在E读中查询图书 在五车中查询图书 在当当中查询图书 在豆瓣中查询图书


正题名:四书五经     索取号:B222.1/1007         预约/预借

序号 登录号 条形码 馆藏地/架位号 状态 备注
1 1312344   213123449   第一样本阅览室/ [索取号:B222.1/1007] 在馆    
2 1312345   213123458   第一借阅区/ [索取号:B222.1/1007] 在馆    
3 1312346   213123467   第一借阅区/ [索取号:B222.1/1007] 在馆    
唐山师范学院图书馆 欢迎您!
大连网信软件有限公司© 版权所有